000 01345nam0a2200313 4500
001 RU\NLR\bibl\844080
005 20250614145623.0
010 _a5-94245-002-1
_9100
021 _aRU
_b2005-21307
_91089
035 _a(NLR Aleph) 000832880
090 _a1371922
_c1371922
100 _a20050922d2004 |||y0rusy50 ca
101 0 _arus
102 _aRU
105 _aa |||||||||
200 1 _aЭкономическая теория
_eучебное пособие для студентов по экономическим специальностям
_fН.П. Космин
_gМурм. гуманит. ин-т
210 _aМурманск
_cИзд-во МГИ
_d2004
215 _a162 с.
_cил.
_d21
320 _aБиьблиогр.: с. 159-160 (23 назв.)
606 1 _aЭкономика
_jРуководства, пособия и т.п. для высшей школы
_xТеория
_91565397
_3RU\NLR\auth\66985247
606 1 _aЭкономика
_jУчебные издания для высших учебных заведений
_xТеория
_91565397
_3RU\NLR\auth\66985247
686 _aУ010я73
700 1 _aКосмин
_bН. П.
_gНиколай Павлович
_4070
801 0 _aRU
_bNLR
_c20050922
_grcr
801 1 _aRU
_bNLR
_c20050922
830 _aАвт. по ЭК
942 _cBOOK
980 _aNB